Diccionario de derecho procesal civil
Kaydedildi:
| Yazar: | |
|---|---|
| Materyal Türü: | Kitap |
| Dil: | İspanyolca |
| Baskı/Yayın Bilgisi: |
Santiago
Jurídica La Ley
2004
|
| Konular: | |
| Etiketler: |
Etiketle
Etiket eklenmemiş, İlk siz ekleyin!
|
MARC
| LEADER | 00000nam a2200000 a 4500 | ||
|---|---|---|---|
| 001 | UCL6363 | ||
| 003 | CL-VaPUC | ||
| 008 | 040402e20040000CL |||||||||||||||||spa|d | ||
| 020 | |a 9567844666 | ||
| 082 | 0 | 4 | |a 347.003 |b CAS |2 21 |
| 100 | 0 | |a Castellón Munita, Juan Agustín |e author |9 484028 | |
| 245 | 1 | 0 | |a Diccionario de derecho procesal civil |
| 300 | |a 234 p | ||
| 942 | |c BK | ||
| 945 | |d 20040402 00:00:00 |a cmena | ||
| 260 | |a Santiago |b Jurídica La Ley |c 2004 | ||
| 650 | 0 | |a Derecho procesal civil |9 258071 | |
| 650 | 0 | |a Diccionarios |9 256200 | |
| 583 | |a last modification |c 20040402 00:00:00 |k Rodrigo Vera | ||
| 999 | |c 308475 |d 308473 | ||
| 952 | |0 0 |1 0 |4 0 |6 347_003000000000000_CAS_2004 |7 0 |8 F |9 375035 |a BIBDER |b BIBDER |d 2019-11-21 |i 4002490 |o 347.003 CAS 2004 |p 4002490 |r 2023-01-25 |w 2019-11-21 |y BK_F |k DER | ||